[Event "Baleares-ch"]
[Site "Palma de Mallorca"]
[Date "2016.03.27"]
[Round "6"]
[White "Cubas Pons, Juan Miguel"]
[Black "Queirolo Perez, Manuel"]
[Result "1-0"]
[WhiteElo "2221"]
[BlackElo "2136"]
[PlyCount "77"]
[EventDate "2016.03.25"]
[EventType "tourn"]
[EventRounds "7"]
[EventCountry "ESP"]
[SourceTitle "CBM 171 Extra"]
[Source "ChessBase"]
[SourceDate "2016.04.26"]
[SourceVersion "1"]
[SourceVersionDate "2016.04.26"]
[SourceQuality "1"]

1. d4 d5 2. Nf3 Nf6 3. c4 e6 4. Nc3 c6 5. e3 Bd6 6. Bd3 O-O 7. O-O Qc7 8. c5
Be7 9. Ne5 Bxc5 10. Nxf7 Rxf7 11. dxc5 Nbd7 12. Na4 b5 13. cxb6 axb6 14. Re1
Ne5 15. Bc2 Neg4 16. f4 e5 17. h3 exf4 18. exf4 b5 19. Nc5 Nh6 20. g4 Bxg4 21.
hxg4 Nhxg4 22. Bf5 Re7 23. Bd2 Rae8 24. Bxg4 Rxe1+ 25. Bxe1 Qxf4 26. Be6+ Kh8
27. Qd2 Qd6 28. Bf2 Rxe6 29. Nxe6 Qxe6 30. Qf4 h6 31. Re1 Ne4 32. Kf1 c5 33.
Bxc5 Qh3+ 34. Kg1 Ng5 35. Re8+ Kh7 36. Rf8 Ne6 37. Qf5+ Qxf5 38. Rxf5 Nxc5 39.
Rxd5 1-0

[Event "Baleares-ch"]
[Site "Palma de Mallorca"]
[Date "2016.03.28"]
[Round "7"]
[White "Gaya Llodra, Juan"]
[Black "Cubas Pons, Juan Miguel"]
[Result "1/2-1/2"]
[WhiteElo "2267"]
[BlackElo "2221"]
[PlyCount "83"]
[EventDate "2016.03.25"]
[EventType "tourn"]
[EventRounds "7"]
[EventCountry "ESP"]
[SourceTitle "CBM 171 Extra"]
[Source "ChessBase"]
[SourceDate "2016.04.26"]
[SourceVersion "1"]
[SourceVersionDate "2016.04.26"]
[SourceQuality "1"]

1. d4 d5 2. g3 Nf6 3. Nf3 c6 4. Bg2 Bf5 5. O-O e6 6. c4 Nbd7 7. cxd5 cxd5 8.
Nc3 h6 9. Nh4 Bh7 10. f4 Be7 11. f5 e5 12. dxe5 Nxe5 13. Nxd5 Bc5+ 14. Be3
Bxe3+ 15. Nxe3 Qb6 16. Qb3 O-O-O 17. Qxb6 axb6 18. Rfd1 Rxd1+ 19. Rxd1 Re8 20.
Nd5 Nxd5 21. Bxd5 Ng4 22. e4 Bg8 23. Nf3 Ne3 24. Rd3 Nxd5 25. exd5 f6 26. Kf2
Rd8 27. d6 Bxa2 28. Nd2 Kd7 29. b3 Rc8 30. Nc4 Rc6 31. g4 b5 32. Nd2 Rxd6 33.
Ke3 Rxd3+ 34. Kxd3 Kd6 35. Kd4 b4 36. h3 b5 37. h4 Kc6 38. Ke4 Kd6 39. Kd4 Kc6
40. Ke4 Kc5 41. h5 Bxb3 42. Nxb3+ 1/2-1/2

[Event "Barcelona Sants op-A18th"]
[Site "Barcelona"]
[Date "2016.08.19"]
[Round "1"]
[White "Cubas, Jose Fernando"]
[Black "Manelidou, Maria"]
[Result "1-0"]
[WhiteElo "2470"]
[BlackElo "2101"]
[PlyCount "69"]
[EventDate "2016.08.19"]
[EventType "swiss"]
[EventRounds "10"]
[EventCountry "ESP"]
[SourceTitle "CBM 174 Extra"]
[Source "ChessBase"]
[SourceDate "2016.10.10"]
[SourceVersion "1"]
[SourceVersionDate "2016.10.10"]
[SourceQuality "1"]

1. e4 e5 2. Nf3 Nc6 3. Bb5 a6 4. Ba4 Nge7 5. O-O g6 6. c3 Bg7 7. d4 b5 8. Bb3
d6 9. a4 Bb7 10. d5 Na5 11. Ba2 O-O 12. Na3 c6 13. Bg5 cxd5 14. Bxd5 bxa4 15.
Nc2 Bxd5 16. Bxe7 Qxe7 17. Qxd5 Nb3 18. Rxa4 Nc5 19. Rc4 Rab8 20. b4 Ne6 21.
Rd1 Rfc8 22. g3 Bf8 23. Ne3 Qf6 24. Kg2 Nc7 25. Qd3 Qe6 26. h4 h6 27. h5 Nb5
28. hxg6 fxg6 29. Nd5 Kg7 30. Ra1 Rxc4 31. Qxc4 Rc8 32. Qd3 Rc6 33. c4 Nd4 34.
Nxd4 exd4 35. b5 1-0

[Event "Barcelona Sants op-A18th"]
[Site "Barcelona"]
[Date "2016.08.20"]
[Round "2"]
[White "Schippers, Maurice"]
[Black "Cubas, Jose Fernando"]
[Result "0-1"]
[WhiteElo "2220"]
[BlackElo "2470"]
[PlyCount "116"]
[EventDate "2016.08.19"]
[EventType "swiss"]
[EventRounds "10"]
[EventCountry "ESP"]
[SourceTitle "CBM 174 Extra"]
[Source "ChessBase"]
[SourceDate "2016.10.10"]
[SourceVersion "1"]
[SourceVersionDate "2016.10.10"]
[SourceQuality "1"]

1. e4 c5 2. Nf3 d6 3. d4 cxd4 4. Nxd4 Nf6 5. f3 e5 6. Nb3 Be7 7. c4 a5 8. Be3
a4 9. N3d2 Qa5 10. Nc3 Bd7 11. Rc1 O-O 12. Be2 Bd8 13. O-O Bb6 14. Bf2 Nc6 15.
Ndb1 Bxf2+ 16. Rxf2 Nd4 17. Na3 Rfc8 18. Qd2 h6 19. Bf1 Rc5 20. Qe3 Rac8 21.
Rd1 R5c7 22. Rfd2 Qb4 23. Ne2 Nxe2+ 24. Bxe2 Ne8 25. Bf1 Rc5 26. g4 Be6 27. Qf2
b5 28. Nxb5 Bxc4 29. Bxc4 Rxc4 30. Nc3 Qb7 31. Nd5 Rc1 32. Rxc1 Rxc1+ 33. Kg2
Ra1 34. a3 Kh7 35. Qb6 Qc8 36. Nc3 Rc1 37. Qb5 h5 38. h3 hxg4 39. hxg4 Nf6 40.
Ne2 Rb1 41. Qxa4 Re1 42. Qc2 Qa6 43. a4 Nd7 44. b3 Nc5 45. Kf2 Rh1 46. Kg2 Re1
47. Kf2 Ra1 48. Qc3 Rb1 49. Qc4 Qb6 50. Kg2 Ne6 51. Qc3 Nf4+ 52. Nxf4 Qg1+ 53.
Kh3 exf4 54. Rg2 Qd1 55. Qc2 Qxf3+ 56. Kh4 f6 57. e5+ Kh6 58. Qxb1 g5# 0-1

[Event "Barcelona Sants op-A18th"]
[Site "Barcelona"]
[Date "2016.08.21"]
[Round "3"]
[White "Cubas, Jose Fernando"]
[Black "Lemeaux, David"]
[Result "1/2-1/2"]
[WhiteElo "2470"]
[BlackElo "2315"]
[PlyCount "118"]
[EventDate "2016.08.19"]
[EventType "swiss"]
[EventRounds "10"]
[EventCountry "ESP"]
[SourceTitle "CBM 174 Extra"]
[Source "ChessBase"]
[SourceDate "2016.10.10"]
[SourceVersion "1"]
[SourceVersionDate "2016.10.10"]
[SourceQuality "1"]

1. e4 c5 2. Nf3 d6 3. d4 cxd4 4. Nxd4 Nf6 5. Nc3 a6 6. f4 e5 7. Nf3 Nbd7 8. a4
Be7 9. Bc4 O-O 10. O-O Qb6+ 11. Kh1 exf4 12. Bxf4 Qxb2 13. Qe1 Qb4 14. Ba2 Qc5
15. Rd1 Ne5 16. Be3 Qc7 17. Nxe5 dxe5 18. Rxf6 Bxf6 19. Nd5 Qc6 20. Rd3 Bg4 21.
Qg3 Bh5 22. Rc3 Qe6 23. Bc5 Rfd8 24. h3 Kh8 25. Bb3 Rxd5 26. Bxd5 Qd7 27. a5
Be2 28. Bb6 Rc8 29. Rxc8+ Qxc8 30. Bxf7 Qxc2 31. Qa3 Qc8 32. Bd5 h6 33. Qc5
Qxc5 34. Bxc5 Bh4 35. Bb4 Bf2 36. Bc3 b6 37. axb6 Bxb6 38. Bxe5 Bc5 39. Bc3 Kh7
40. e5 Bd3 41. Kh2 g5 42. Kg3 Be2 43. e6 Be7 44. Kf2 Bb5 45. Ke3 Kg8 46. Ke4
Kf8 47. Kf5 Bd3+ 48. Be4 Bxe4+ 49. Kxe4 h5 50. Kd5 Ke8 51. Kc6 Bd8 52. Bd2 g4
53. hxg4 hxg4 54. Be1 a5 55. Kb5 Ke7 56. Bh4+ Ke8 57. Be1 Ke7 58. Bh4+ Ke8 59.
Be1 Ke7 1/2-1/2

[Event "Barcelona Sants op-A18th"]
[Site "Barcelona"]
[Date "2016.08.22"]
[Round "4"]
[White "Vehi Bach, Victor Manuel"]
[Black "Cubas, Jose Fernando"]
[Result "1/2-1/2"]
[WhiteElo "2318"]
[BlackElo "2470"]
[PlyCount "115"]
[EventDate "2016.08.19"]
[EventType "swiss"]
[EventRounds "10"]
[EventCountry "ESP"]
[SourceTitle "CBM 174 Extra"]
[Source "ChessBase"]
[SourceDate "2016.10.10"]
[SourceVersion "1"]
[SourceVersionDate "2016.10.10"]
[SourceQuality "1"]

1. e4 c5 2. Nf3 d6 3. d4 cxd4 4. Nxd4 Nf6 5. Nc3 a6 6. Be3 e5 7. Nb3 Be7 8. h3
Be6 9. f4 exf4 10. Bxf4 Nc6 11. Qe2 Nd7 12. O-O-O Nce5 13. Kb1 O-O 14. g4 Re8
15. Qg2 Rc8 16. Nd5 Bf8 17. g5 Nb6 18. Bxe5 Bxd5 19. Bf6 Bxe4 20. Bxd8 Bxg2 21.
Bxg2 Rcxd8 22. Bxb7 Re5 23. h4 a5 24. Nd4 Rb8 25. Ba6 Na4 26. Nb3 Rb6 27. Bc4
Rb4 28. Bd3 g6 29. c3 Rb8 30. Rhf1 d5 31. Rf4 Nc5 32. Nxc5 Bxc5 33. a4 Be3 34.
Rf6 Re6 35. Rxe6 fxe6 36. Re1 Bd2 37. Rxe6 Bxc3 38. Bb5 Bb4 39. Re5 Rd8 40. Kc2
Bc5 41. Rxd5 Rxd5 42. Bc4 Bf2 43. Bxd5+ Kg7 44. h5 gxh5 45. Kd3 Kg6 46. Ke2 Bd4
47. Kf3 Bxb2 48. Be4+ Kxg5 49. Bxh7 Ba3 50. Kg2 Bb2 51. Kh1 Ba3 52. Bg8 Kg4 53.
Bf7 h4 54. Be8 Kg3 55. Bc6 h3 56. Ba8 h2 57. Bg2 Bb4 58. Bc6 1/2-1/2

[Event "Barcelona Sants op-A18th"]
[Site "Barcelona"]
[Date "2016.08.23"]
[Round "5"]
[White "Cubas, Jose Fernando"]
[Black "Frischmann, Rick"]
[Result "1-0"]
[WhiteElo "2470"]
[BlackElo "2312"]
[PlyCount "127"]
[EventDate "2016.08.19"]
[EventType "swiss"]
[EventRounds "10"]
[EventCountry "ESP"]
[SourceTitle "CBM 174 Extra"]
[Source "ChessBase"]
[SourceDate "2016.10.10"]
[SourceVersion "1"]
[SourceVersionDate "2016.10.10"]
[SourceQuality "1"]

1. e4 e5 2. Nf3 Nc6 3. Bb5 a6 4. Ba4 Nf6 5. O-O Be7 6. Re1 b5 7. Bb3 d6 8. c3
O-O 9. h3 Nb8 10. d4 Nbd7 11. Nbd2 Bb7 12. Bc2 Re8 13. Nf1 Bf8 14. Ng3 g6 15.
d5 c6 16. dxc6 Bxc6 17. Bg5 h6 18. Bxf6 Qxf6 19. Bb3 Nb6 20. Nf1 Nc4 21. Bxc4
bxc4 22. Ne3 Qe6 23. Nd2 f5 24. Nexc4 Rab8 25. b3 Ba8 26. Ne3 Rec8 27. c4 Rc7
28. Qc2 f4 29. Nd5 Rg7 30. Nf1 f3 31. Re3 fxg2 32. Kxg2 Rbb7 33. Rf3 Rbf7 34.
Qe2 h5 35. Rc1 Rxf3 36. Qxf3 Rf7 37. Qe2 Bh6 38. Rc3 Bb7 39. b4 Bf4 40. Rd3 Kh7
41. a4 Qc8 42. Nd2 Qd8 43. Kf1 Qh4 44. Qf3 Kg7 45. Nxf4 Rxf4 46. Qe3 Bxe4 47.
Rxd6 Bf5 48. Qxe5+ Kh7 49. Qe3 Bxh3+ 50. Ke1 Bf5 51. Rxa6 Qh1+ 52. Ke2 Bg4+ 53.
f3 Bxf3+ 54. Kd3 Be4+ 55. Nxe4 Qb1+ 56. Kd4 Qb2+ 57. Kd5 Rf5+ 58. Kc6 Qe5 59.
Ra7+ Kg8 60. Ra8+ Kg7 61. Qd3 Rf4 62. Nc5 Rf6+ 63. Kb5 Rd6 64. Qf3 1-0

[Event "Barcelona Sants op-A18th"]
[Site "Barcelona"]
[Date "2016.08.24"]
[Round "6"]
[White "Cubas, Jose Fernando"]
[Black "Cruz, Filemon"]
[Result "1/2-1/2"]
[WhiteElo "2470"]
[BlackElo "2349"]
[PlyCount "88"]
[EventDate "2016.08.19"]
[EventType "swiss"]
[EventRounds "10"]
[EventCountry "ESP"]
[SourceTitle "CBM 174 Extra"]
[Source "ChessBase"]
[SourceDate "2016.10.10"]
[SourceVersion "1"]
[SourceVersionDate "2016.10.10"]
[SourceQuality "1"]

1. e4 c5 2. Nf3 e6 3. d4 cxd4 4. Nxd4 a6 5. Bd3 Nf6 6. Qe2 d6 7. O-O Qc7 8. c4
Be7 9. Nc3 Nc6 10. Nf3 b6 11. Bf4 Nd7 12. Rac1 Nce5 13. Rfd1 Bb7 14. b3 O-O 15.
Bb1 Rac8 16. Ne1 Rfe8 17. Bg3 Bf8 18. f4 Ng6 19. Qd2 Nf6 20. Nf3 Qb8 21. f5
exf5 22. exf5 Ne5 23. Ng5 h6 24. Nge4 Bxe4 25. Nxe4 Nxe4 26. Bxe4 Nxc4 27. Qd4
Ne5 28. f6 g6 29. Bd5 Rxc1 30. Rxc1 Rc8 31. Re1 Qc7 32. Qe4 Qc5+ 33. Kh1 Qc2
34. Qd4 Qc5 35. Bxe5 dxe5 36. Qg4 Qf2 37. Qxg6+ Kh8 38. Qb1 Rc2 39. Rxe5 Qxf6
40. Re1 Rf2 41. Qc1 Rxa2 42. Qc8 Kg7 43. Qg4+ Kh8 44. Qc8 Kg7 1/2-1/2

[Event "Barcelona Sants op-A18th"]
[Site "Barcelona"]
[Date "2016.08.25"]
[Round "7"]
[White "Diaz Camallonga, Carles"]
[Black "Cubas, Jose Fernando"]
[Result "1/2-1/2"]
[WhiteElo "2336"]
[BlackElo "2470"]
[PlyCount "97"]
[EventDate "2016.08.19"]
[EventType "swiss"]
[EventRounds "10"]
[EventCountry "ESP"]
[SourceTitle "CBM 174 Extra"]
[Source "ChessBase"]
[SourceDate "2016.10.10"]
[SourceVersion "1"]
[SourceVersionDate "2016.10.10"]
[SourceQuality "1"]

1. e4 e6 2. d4 d5 3. Nc3 Nf6 4. Bg5 Be7 5. e5 Nfd7 6. Bxe7 Qxe7 7. f4 O-O 8.
Nf3 c5 9. Qd2 Nc6 10. O-O-O a6 11. dxc5 Nxc5 12. Bd3 b5 13. Qf2 Nxd3+ 14. cxd3
f6 15. Qg3 fxe5 16. fxe5 b4 17. Na4 Bd7 18. Kb1 Be8 19. Rc1 Nxe5 20. Qxe5 Bxa4
21. Rc7 Qf6 22. Qxf6 Rxf6 23. Re1 Bb5 24. Kc2 Rf7 25. Rxf7 Kxf7 26. Rf1 Ke7 27.
Ne5 Kd6 28. Nf7+ Ke7 29. Ne5 Rf8 30. Rxf8 Kxf8 31. d4 Ke7 32. Kd2 Bf1 33. g3
Bc4 34. a3 bxa3 35. bxa3 Bb5 36. h4 Kf6 37. Ke3 g5 38. hxg5+ Kxg5 39. Kf3 Ba4
40. Ke3 Kf5 41. Kf3 Bd1+ 42. Ke3 Bh5 43. Kd3 Bd1 44. Ke3 Bc2 45. Kf3 Be4+ 46.
Kf2 Bc2 47. Kf3 h5 48. Ke3 Be4 49. Ke2 1/2-1/2

[Event "Barcelona Sants op-A18th"]
[Site "Barcelona"]
[Date "2016.08.26"]
[Round "8"]
[White "Cubas, Jose Fernando"]
[Black "Mihajlov, Sebastian"]
[Result "0-1"]
[WhiteElo "2470"]
[BlackElo "2356"]
[PlyCount "51"]
[EventDate "2016.08.19"]
[EventType "swiss"]
[EventRounds "10"]
[EventCountry "ESP"]
[SourceTitle "CBM 174 Extra"]
[Source "ChessBase"]
[SourceDate "2016.10.10"]
[SourceVersion "1"]
[SourceVersionDate "2016.10.10"]
[SourceQuality "1"]

1. e4 c6 2. d4 d5 3. e5 Bf5 4. h4 c5 5. dxc5 Nc6 6. Bb5 Bd7 7. Nf3 e6 8. Be3
Nh6 9. c3 Nf5 10. Bd4 Nxe5 11. Bxe5 Bxb5 12. g4 Ne7 13. Bd6 Ng6 14. h5 Bxd6 15.
hxg6 Bxc5 16. Rxh7 O-O 17. Kd2 fxg6 18. Qh1 Qf6 19. Kc2 g5 20. Qh3 Bd3+ 21.
Kxd3 Qxf3+ 22. Kd2 Qxf2+ 23. Kd1 Qf3+ 24. Kc1 Be3+ 25. Nd2 Bxd2+ 26. Kxd2 0-1

[Event "Barcelona Sants op-A18th"]
[Site "Barcelona"]
[Date "2016.08.28"]
[Round "10"]
[White "Tate, Alan"]
[Black "Cubas, Jose Fernando"]
[Result "1/2-1/2"]
[WhiteElo "2329"]
[BlackElo "2470"]
[PlyCount "109"]
[EventDate "2016.08.19"]
[EventType "swiss"]
[EventRounds "10"]
[EventCountry "ESP"]
[SourceTitle "EXT 2017"]
[Source "ChessBase"]
[SourceDate "2016.10.25"]
[SourceVersion "1"]
[SourceVersionDate "2016.10.25"]
[SourceQuality "1"]

1. e4 e6 2. d4 d5 3. Nd2 Nf6 4. e5 Nfd7 5. Bd3 c5 6. c3 Nc6 7. Ne2 cxd4 8. cxd4
f6 9. exf6 Nxf6 10. Nf3 Bd6 11. O-O O-O 12. Bf4 Nh5 13. Bxd6 Qxd6 14. Qd2 h6
15. Qe3 Nf4 16. Nxf4 Qxf4 17. Bb5 Ne7 18. Ne5 a6 19. Ba4 b5 20. Bc2 Qxe3 21.
fxe3 Bb7 22. Bd3 Nc6 23. Nd7 Rxf1+ 24. Rxf1 Rd8 25. Nc5 Bc8 26. Rc1 Rd6 27. Be2
e5 28. dxe5 Nxe5 29. Nd3 Rc6 30. Rxc6 Nxc6 31. Bf3 Ne7 32. Nf4 Bb7 33. Ne6 g5
34. Kf2 Kh7 35. Ke2 Kg6 36. g3 Kf5 37. Nd4+ Ke5 38. Bg4 Ng8 39. Kd3 Nf6 40. Bf3
Bc8 41. b4 Bd7 42. Be2 Ne4 43. Bf3 Nf6 44. Be2 Be8 45. Nf3+ Kd6 46. Nd2 Nd7 47.
Kd4 Ne5 48. Nb3 Nc6+ 49. Kc3 Bd7 50. Nc5 Bc8 51. Nd3 Bf5 52. Nc5 Bc8 53. Nd3
Ne5 54. Kd4 Nc6+ 55. Kc3 1/2-1/2

[Event "Baku ol (Men) 42nd"]
[Site "Baku"]
[Date "2016.09.06"]
[Round "5.3"]
[White "Cubas, Jose Fernando"]
[Black "Edouard, Romain"]
[Result "1-0"]
[WhiteElo "2470"]
[BlackElo "2635"]
[Annotator "Edouard,R"]
[PlyCount "109"]
[EventDate "2016.09.02"]
[EventType "team-swiss"]
[EventRounds "11"]
[EventCountry "AZE"]
[SourceTitle "CBM 175"]
[Source "ChessBase"]
[SourceDate "2016.11.10"]
[SourceVersion "1"]
[SourceVersionDate "2016.11.10"]
[SourceQuality "1"]
[WhiteTeam "Paraguay"]
[BlackTeam "France"]
[WhiteTeamCountry "PAR"]
[BlackTeamCountry "FRA"]
[WhiteClock "0:07:17"]
[BlackClock "0:00:34"]

1. e4 c5 2. Nf3 d6 3. d4 cxd4 4. Nxd4 Nf6 5. Nc3 Nc6 6. Bg5 e6 7. Qd2 a6 8.
O-O-O Bd7 9. f3 h6 $5 10. Be3 b5 11. Nxc6 $5 {A logical reaction.} ({In the
event of} 11. Kb1 {Black has time to play} Ne5 {with an unclear position, for
example:} 12. f4 b4 13. fxe5 bxc3 14. Qxc3 Rc8 $1 (14... Nxe4 $2 15. Qe1 Qc7
16. Bd3 Nc5 17. exd6 Bxd6 18. Nf5 $1 Be5 19. Qb4 $1 $40 {1-0 (51) Vallejo Pons,
F (2702)-Jankovic,A (2571) Budva MNE 2009}) 15. Qe1 dxe5 16. Nb3 Qc7 $13) 11...
Bxc6 12. Ne2 {A logical reaction.} Bb7 13. Nd4 e5 $6 {This idea simply seems
dubious.} ({It could seem logical to play} 13... Rc8 {first but then in the
event of} 14. Kb1 e5 15. Nf5 d5 16. exd5 Qxd5 {White would be able to play} 17.
Bd3 {and the pawn on a2 would be protected.}) 14. Nb3 (14. Nf5 d5 $132) 14...
Rc8 15. Qa5 $1 $146 {A strong novelty. Black does not have the time to enter a
good endgame, as Na5 followed by a4 or c4 is coming.} (15. Kb1 d5 {is fine for
Black:} 16. exd5 Bxd5 17. Bd3 Be6 18. Qf2 Qc7 19. Rhe1 Bb4 20. c3 Be7 21. Bb6
Qb8 22. Ba7 Qc7 23. Bb6 Qb8 24. Ba7 Qc7 {1/2-1/2 (24) Bokros,A (2477)-Jankovic,
A (2548) HUN 2008}) 15... Qd7 (15... d5 16. a4 $1 {poses problems. After} bxa4
17. Qxa4+ Bc6 18. Qxa6 d4 {Black has some compensations, but probably not
enough as White can play} 19. Qa5 $14) (15... Be7 16. Qxd8+ Rxd8 17. Na5 $14)
16. Qb6 Rc6 17. Qa7 {The whole idea, somehow working for White!} Qc8 (17... Qc7
{is even worse as Black anyway goes} 18. Na5 $16) 18. Na5 Rc7 {Of course by
playing this move, Black admits that he is clearly worse.} ({I had missed that
after} 18... Rxc2+ 19. Kb1 Rc7 {White had the simple move} 20. Rc1 {although
the engine somehow manages to save the day with some crazy lines:} Rxc1+ 21.
Bxc1 Ba8 22. Be3 Nxe4 $1 23. fxe4 Bxe4+ 24. Ka1 Qg4 $1 {(wow)} (24... Qa8 25.
Qc7 Be7 26. Be2 Qd8 27. Qc3 $14) 25. Bc1 Be7 (25... Qc8 26. Be2 Qc2 {fails to}
27. Bd2 $1 $18) 26. Qb8+ (26. Qxa6 $2 O-O 27. Bxb5 Qxg2 28. Re1 Ra8 29. Qb6 Qc2
30. Be3 Bd8 31. Qxd6 Bxa5 $19) 26... Bd8 27. Qxd6 Bxa5 28. Qxe5+ Kd7 29. Bxb5+
axb5 30. Qxb5+ Ke7 31. Qxa5 Re8 32. h3 Qd7 {and a probable draw.}) 19. Nxb7
Qxb7 20. Qxb7 Rxb7 21. c4 Be7 22. cxb5 ({There was no reason not to keep the
tension with} 22. b3 {followed by Kb2 and normal development.}) 22... axb5 23.
Be2 O-O 24. Kb1 $2 {A very strange move.} (24. Rd2 {followed by Rhd1
preventing ...d5 seemed like an obvious choice.}) 24... Rd8 25. Rd2 d5 26. exd5
Nxd5 27. Rhd1 Nxe3 28. Rxd8+ Bxd8 29. Rxd8+ Kh7 30. g3 ({White had a last
chance for an advantage with the move} 30. g4 $1 {with the idea} Kg6 31. Rd3
Nc4 32. Rd5 {and Black is going to lose a pawn.}) 30... b4 31. Re8 $6 f6 32.
Bd3+ (32. f4 {was logical after playing Re8 but Black is fine:} Rd7 (32... Kg6
$5) 33. Kc1 exf4 34. gxf4 Nf5 $13) 32... g6 33. Rd8 h5 34. Kc1 Ra7 35. Kd2 Nf5
36. Bxf5 {Not necessary.} (36. Bc4 {was more logical.}) 36... gxf5 37. Rb8 Rxa2
38. Rxb4 Ra1 39. Rb7+ $6 (39. Ke2 Rh1 40. h4 Rh2+ 41. Kf1 $11) 39... Kg6 40.
Rc7 $6 {White was in time trouble and these 2 unreal moves resulted.} Rh1 {
I thought I was completely winning but some practical difficulties remain.} 41.
b4 {The only practical chance.} (41. h4 Rg1 $19) 41... Rxh2+ 42. Kc3 Rf2 43. b5
Rxf3+ 44. Kc2 Rf2+ 45. Kc3 Rf1 46. Kc2 Ra1 47. b6 Ra6 48. Rc6 (48. b7 {may
have held:} Rb6 49. Kd3 e4+ 50. Ke3 Rb3+ (50... Rb4 51. Rd7 $1 {does not help
Black.} ({Not} 51. Re7 {as after} Rb3+ 52. Kd4 f4 53. gxf4 Kf5 54. Kc4 Rb1 {
White would not get a check on the fifth rank!})) 51. Kd4 (51. Kf2 f4 52. gxf4
Kf5 $19) 51... f4 (51... e3 52. Rc3 Rxb7 53. Kxe3 {should be an easy draw.})
52. gxf4 Kf5 (52... e3 53. Rc3 Rxb7 54. Kxe3 h4 55. Kf3 $11) 53. Kc4 $1 {
An idea I missed.} Rb6 54. Rc5+ $1 Kxf4 55. Rb5 Rxb7 56. Rxb7 h4 $11) 48... Kg5
(48... f4 49. gxf4 exf4 50. Kd3 f3 51. Ke3 Ra3+ 52. Kf2 Rb3 {would end up in a
rook h+f endgame which I supposed to be a draw.}) 49. Kd3 Ra1 50. Kc2 (50. Rc8
{was my worry but it seems Black is winning:} Rb1 51. Rg8+ Kh6 52. Rb8 Kg7 53.
b7 Rb6 54. Ke2 Rb3 55. Kf2 f4 56. gxf4 exf4 57. Kg2 f5 58. Kf2 h4 59. Kg2 f3+
60. Kf2 h3 $19) 50... Ra8 51. Kd3 Rd8+ 52. Kc3 (52. Ke3 Rd4 53. Rc8 Rb4 54.
Rg8+ Kh6 55. Rb8 f4+ 56. gxf4 exf4+ 57. Kf2 Kg5 58. b7 Kf5 $19) (52. Ke2 $1 {
was the only way but it seems Black is winning:} Rd5 53. Rc8 Rb5 54. Rg8+ Kh6
55. Rb8 Rb3 56. b7 Kg7 57. Kf2 f4 58. gxf4 exf4 59. Kg2 h4 60. Rc8 Rxb7 61. Kh3
f5 62. Kxh4 Kf6 $19) 52... e4 53. Kc2 Rd5 (53... f4 54. gxf4+ Kf5 {was the
cleanest and easiest win.}) (53... Kg4 54. Rxf6 e3 {also wins easily.}) 54. Rc3
Rd6 {Playing the second move of my line first...} (54... Rd7 55. Rc7 Rd6 56. b7
Rb6 57. Rg7+ Kh6 58. Re7 Kg6 $19) 55. b7 1-0

[Event "Brasilia CBX/FBX"]
[Site "Brasilia"]
[Date "2016.10.26"]
[Round "1"]
[White "De Paula, Rafael Figueiredo"]
[Black "Cubas, Jose Fernando"]
[Result "0-1"]
[WhiteElo "2249"]
[BlackElo "2466"]
[PlyCount "124"]
[EventDate "2016.10.26"]
[EventType "tourn"]
[EventRounds "9"]
[EventCountry "BRA"]
[EventCategory "2"]
[SourceTitle "CBM 175 Extra"]
[Source "ChessBase"]
[SourceDate "2016.12.12"]
[SourceVersion "1"]
[SourceVersionDate "2016.12.12"]
[SourceQuality "1"]

1. e4 c5 2. Nf3 Nc6 3. Bb5 Na5 4. O-O a6 5. Be2 e6 6. c4 d6 7. d4 cxd4 8. Nxd4
Nf6 9. Nc3 Be7 10. Be3 O-O 11. Rc1 Bd7 12. Qd2 Rc8 13. b3 Nc6 14. Rfd1 Nxd4 15.
Qxd4 Bc6 16. b4 Bd7 17. Qa7 Rb8 18. b5 axb5 19. cxb5 Ra8 20. Qxb7 Qa5 21. Qb6
Qa3 22. Qd4 Rfc8 23. Rc2 d5 24. Nb1 Qa5 25. Rxc8+ Rxc8 26. exd5 Nxd5 27. Qa7
Qd8 28. Qa4 Nxe3 29. fxe3 Bc5 30. Qb3 Qa5 31. Nd2 Ba7 32. Nf1 Be8 33. Qb2 g6
34. h3 Bb6 35. Qd2 Qa3 36. Qd6 Bc5 37. Qa6 Bxe3+ 38. Kh1 Qxa6 39. bxa6 Ba7 40.
Bf3 Kf8 41. Rb1 Bc6 42. Rb3 Bxf3 43. Rxf3 Rc2 44. a4 Ra2 45. Rf4 g5 46. Rb4 Ra1
47. Rb7 Rxf1+ 48. Kh2 Bg1+ 49. Kg3 h5 50. a7 Bf2+ 51. Kh2 Bg1+ 52. Kg3 Bf2+ 53.
Kh2 Bxa7 54. Rxa7 Kg7 55. a5 h4 56. a6 Ra1 57. Ra8 Kf6 58. g4 Ra2+ 59. Kg1 Ke5
60. Rg8 Kf4 61. Rf8 Rxa6 62. Rxf7+ Kg3 0-1

[Event "Brasilia CBX/FBX"]
[Site "Brasilia"]
[Date "2016.10.27"]
[Round "2"]
[White "Cubas, Jose Fernando"]
[Black "Souza Neves, Andrey Marcelo"]
[Result "1-0"]
[WhiteElo "2466"]
[BlackElo "2200"]
[PlyCount "65"]
[EventDate "2016.10.26"]
[EventType "tourn"]
[EventRounds "9"]
[EventCountry "BRA"]
[EventCategory "2"]
[SourceTitle "CBM 175 Extra"]
[Source "ChessBase"]
[SourceDate "2016.12.12"]
[SourceVersion "1"]
[SourceVersionDate "2016.12.12"]
[SourceQuality "1"]

1. e4 c6 2. d4 d5 3. e5 Bf5 4. Nf3 e6 5. a3 Nd7 6. Be2 h6 7. O-O Ne7 8. b3 g5
9. c4 Bg7 10. Nc3 O-O 11. Bd3 Bg4 12. cxd5 cxd5 13. h3 Bh5 14. Ra2 f6 15. exf6
Rxf6 16. Be2 Nc6 17. Nh2 Bg6 18. Bd3 Nxd4 19. Ng4 Bxd3 20. Nxf6+ Qxf6 21. Qxd3
Ne5 22. Qd1 Nef3+ 23. Kh1 Rc8 24. Ne2 Nxe2 25. Qxe2 Nd4 26. Qd3 e5 27. Be3 Qc6
28. Bxd4 exd4 29. Re2 Qc3 30. Qg6 Qc6 31. Re6 Qd7 32. Rfe1 Qf7 33. Re8+ 1-0